000 00410nam a2200157Ia 4500
005 20250425051501.0
008 240331s9999 xx 000 0 und d
020 _a9552005736
082 _bDES
_a891
100 _aDe Silva,A
245 0 _aIra handa nethi lowa
260 _aColombo
_bGodake & Sons
_c1991
300 _aviii, 116 p .,
500 _aA Love Story Published in Tharuni paper ( Novel)
942 _cL
999 _c4844
_d4844